Quiz o wampirach - Statystyki

Ogólne statystyki
  • Ten quiz został rozwiązany 85 razy
  • Średni wynik to 13 z 21
Statystyki odpowiedzi
Wskazówka Odpowiedź % Poprawnych
Co piją wampiry Krew
100%
Czego wampir nie widzi, patrząc w lustro Własnego odbicia
100%
Produkt spożywczy, którego nie znoszą Czosnek
97%
Rodzaj wody, której możesz użyć, aby je odstraszyć Woda {święcona}
97%
Co możesz wbić w serce wampira, żeby go zabić Drewniany kołek
91%
Państwo, w którym leży powyższy region Rumunia
88%
Miejsce, gdzie wampiry przeważnie śpią Trumna
88%
W niektórych wersjach opowieści o wampirach wampiry mogą zamienić się w to zwierzę Nietoperz
86%
Seria książek o dziewczynie o imieniu Bella Swan, która zakochuje się w wampirze Zmierzch
84%
Region, w którym mieszka hrabia Dracula Transylwania
81%
Narażenie na to może spowodować, że wampir się roztopi, umrze, a czasem po prostu zacznie błyszczeć Światło słoneczne
74%
Książka Anne Rice, na podstawie której powstał film z 1994 roku z Bradem Pittem i Tomem Cruisem w rolach głównych {Wywiad} z wampierm
53%
Prawdziwy książę, który mógł być inspiracją dla postaci hrabiego Draculi Wład Palownik
46%
Niemy niemiecki film z 1922 roku z udziałem hrabiego Orloka, remake z 2024 roku Nosferatu
45%
Wampir, w którym się zakochuje powyższa osoba Edward Cullen
41%
Komiksowy łowca wampirów, którego w filmie zagrał Wesley Snipes Blade
35%
Pogromczyni wampirów grana przez Sarah Michelle Gellar w serialu telewizyjnym z lat 90. Buffy
31%
Autor, który napisał książkę „Drakula” z 1897 roku Bram Stoker
27%
Gra wideo z 1986 roku, w której główną rolę gra łowca wampirów Simon Belmont Castlevania
20%
Piosenkarka przeboju „Vampire” z 2023 roku Olivia Rodrigo
16%
Wampir Muppetów, mający obsesję na punkcie liczb Liczyhrabia
5%
Nie znaleziono quizów pasujących do podanych kryteriów
Rozkład punktacji
Procent ludzi z każdym wynikiem
Percentyl według liczby udzielonych odpowiedzi
Twoja historia wyników
Nie rozwiązałeś tego quizu